Common writing : essays on literary culture and public debate /

In a series of penetrating and readable essays, Stefan Collini explores aspects of the literary and intellectual culture of Britain from the early twentieth century to the present. He focuses chiefly on writers, critics, historians, and journalists who occupied wider public roles as cultural comment...

Full description

Bibliographic Details
Main Author: Collini, Stefan, 1947- (Author)
Format: eBook
Language:English
Published: Oxford : Oxford University Press, 2016.
Edition:First edition.
Subjects:
Online Access:Connect to the full text of this electronic book

MARC

Tag First Indicator Second Indicator Subfields
LEADER 00000cam a2200000 i 4500
001 in00005712721
005 20260319161724.1
006 m o d
007 cr cnu|||unuuu
008 160126s2016 enk ob 001 0 eng d
040 |a N$T  |b eng  |e rda  |e pn  |c N$T  |d N$T  |d OCLCO  |d CDX  |d YDXCP  |d OCLCF  |d OCLCO  |d IDEBK  |d AZU  |d OH1  |d EBLCP  |d VLB  |d KSU  |d STBDS  |d IDB  |d MERUC  |d FIE  |d OCLCQ  |d IOG  |d BUF  |d WRM  |d CEF  |d OCLCQ  |d YOU  |d AU@  |d CNTRU  |d AUD  |d OCLCQ  |d OCLCO  |d OCLCQ  |d K6U  |d OCLCO  |d YDX  |d YWS  |d OCLCQ  |d SFB  |d OCLCQ  |d OCLCO  |d OCLCL  |d CLOUD  |d OCLCQ  |d OCLCL 
019 |a 936146139  |a 936200670 
020 |a 9780191076763  |q (electronic bk.) 
020 |a 0191076767  |q (electronic bk.) 
020 |z 9780198758969 
020 |z 0198758960 
035 |a (OCoLC)936040354  |z (OCoLC)936146139  |z (OCoLC)936200670 
037 |a 890963  |b MIL 
043 |a e-uk--- 
050 4 |a PR473  |b .C65 2016eb 
072 7 |a LIT  |x 004120  |2 bisacsh 
082 0 4 |a 820.9/0091  |2 23 
049 |a TXAM 
100 1 |a Collini, Stefan,  |d 1947-  |e author.  |1 https://id.oclc.org/worldcat/entity/E39PBJpytyRdjWWfT98bKFPRKd 
245 1 0 |a Common writing :  |b essays on literary culture and public debate /  |c Stefan Collini. 
250 |a First edition. 
264 1 |a Oxford :  |b Oxford University Press,  |c 2016. 
300 |a 1 online resource 
336 |a text  |b txt  |2 rdacontent 
337 |a computer  |b c  |2 rdamedia 
338 |a online resource  |b cr  |2 rdacarrier 
504 |a Includes bibliographical references and index. 
588 0 |a Online resource; title from PDF title page (EBSCO, viewed January 28, 2016). 
520 8 |a In a series of penetrating and readable essays, Stefan Collini explores aspects of the literary and intellectual culture of Britain from the early twentieth century to the present. He focuses chiefly on writers, critics, historians, and journalists who occupied wider public roles as cultural commentators or intellectuals, as well as on the periodicals and other genres through which they attempted to reach such audiences. Among the figures discussed are T.S. Eliot, Graham Greene, J.B. Priestley, C.S. Lewis, Kingsley Amis, Nikolaus Pevsner, and Hugh Trevor-Roper. 
505 0 |a Cover; Common Writing: Essays on Literary Culture and Public Debate; Copyright; Dedication; Contents; Introduction; Part I: Literary Culture; 1: Notables; I; II; III; 2: Modernists; I; II; III; 3: Hierophants; I; II; 4: Critics (I); I; II; 5: Critics (II); I; II; III; 6: Realists; I; II; III; Interlude; 7: Media; I; II; III; IV; Part II: Public Debate; 8: Moralists; I; II; III; IV; 9: Migrants; I; II; III; 10: Historian-intellectuals?; I; II; III; IV; 11: `New Orwells?́; I; II; III; 12: Politician-Intellectuals?; I; II; III; 13: Social Analysis; I; II; III; IV; References; Chapter 1. 
650 0 |a English literature  |y 20th century  |x History and criticism. 
650 0 |a Literature  |x History and criticism  |x Theory, etc. 
651 0 |a Great Britain  |x Intellectual life  |y 20th century. 
650 0 |a Intellectuals  |z Great Britain  |x Attitudes. 
650 0 |a Literature and society  |z Great Britain. 
650 6 |a Littérature anglaise  |y 20e siècle  |x Histoire et critique. 
650 6 |a Littérature  |x Histoire et critique  |x Théorie, etc. 
651 6 |a Grande-Bretagne  |x Vie intellectuelle  |y 20e siècle. 
650 6 |a Intellectuels  |z Grande-Bretagne  |x Attitudes. 
650 6 |a Littérature et société  |z Grande-Bretagne. 
650 7 |a LITERARY CRITICISM  |x European  |x English, Irish, Scottish, Welsh.  |2 bisacsh 
650 7 |a English literature  |2 fast 
650 7 |a Intellectual life  |2 fast 
650 7 |a Intellectuals  |x Attitudes  |2 fast 
650 7 |a Literature and society  |2 fast 
650 7 |a Literature  |x Theory, etc.  |2 fast 
651 7 |a Great Britain  |2 fast  |1 https://id.oclc.org/worldcat/entity/E39PBJdmp7p3cx8hpmJ8HvmTpP 
648 7 |a 1900-1999  |2 fast 
648 7 |a 1900-talet.  |2 sao 
655 7 |a Electronic books.  |2 local 
655 7 |a Criticism, interpretation, etc.  |2 fast 
758 |i has work:  |a Common writing (Text)  |1 https://id.oclc.org/worldcat/entity/E39PCGWbv3rdTvykwVKjjyhd8K  |4 https://id.oclc.org/worldcat/ontology/hasWork 
776 0 8 |i Print version:  |a Collini, Stefan, 1947-  |t Common writing.  |b First edition.  |d Oxford, United Kingdom : Oxford University Press, 2016  |z 9780198758969  |w (DLC) 2015947704  |w (OCoLC)922914103 
856 4 0 |u http://proxy.library.tamu.edu/login?url=https://academic.oup.com/book/9810  |z Connect to the full text of this electronic book  |t 0 
955 |a Oxford Scholarship Online 
994 |a 92  |b TXA 
999 f f |i 828dbee4-f56e-4695-ab46-0c6dcadbff7f  |s 3222966f-f3db-49f0-8cdf-25c659e833f8  |t 0 
952 f f |a Texas A&M University  |b College Station  |c Electronic Resources  |s www_evans  |d Available Online  |t 0  |e PR473 .C65 2016eb  |h Library of Congress classification 
998 f f |a PR473 .C65 2016eb  |t 0  |l Available Online